000 00506nam a2200193Ia 4500
005 20260429111913.0
008 260429s9999||||xx |||||||||||||| ||und||
020 _a9788119671991
041 _aEnglish
082 _a520
_bAHA
100 _aAhamed, Rafi
245 0 _aFundamentals of space science /
_cRafi Ahamed
260 _aChennai :
_bNational Academic Press,
_c2025.
300 _avi, 166 p.; pbk
650 _a Astronomy
650 _aSpace science
700 _a Nagarajan, M.
942 _cTB
999 _c51351
_d51351